000 01396nam a22003737a 4500
001 192
003 FISKH
005 20230303104952.0
008 230303b cb ||||| |||| 00| 0 eng d
020 _a9781405266130
040 _aDLC
_cDLC
_dDLC
_dFISKH
_beng
042 _alcac
050 0 0 _aPZ7.S6795
_bHo 2001
082 0 0 _a813.6
_221
100 1 _aSnicket, Lemony.
245 1 4 _aThe hostile hospital /
_cby Lemony Snicket ; illustrations by Brett Helquist.
260 _aLondon
_bEgmont
_c2012
300 _a255 p. :
_bill. ;
_c19 cm.
490 1 _aA series of unfortunate events ;
_vbk. 8
505 _aZ1
520 _aOn the run after being falsely accused of murder, the three Baudelaire orphans find themselves in the Heimlich Hospital, with the evil Count Olaf in close pursuit.
521 8 _a1110
_bLexile
521 8 _aZ1
650 1 _aOrphans
_vFiction.
650 1 _aBrothers and sisters
_vFiction.
650 1 _aHospitals
_vFiction.
650 1 _aHumorous stories.
700 1 _aHelquist, Brett,
_eill.
800 1 _aSnicket, Lemony.
_tSeries of unfortunate events ;
_vbk. 8.
856 4 2 _3Publisher description
_uhttp://www.loc.gov/catdir/description/hc042/2001024326.html
856 4 2 _3Contributor biographical information
_uhttp://www.loc.gov/catdir/enhancements/fy0911/2001024326-b.html
906 _a7
_bcbc
_corignew
_d1
_eocip
_f20
_gy-gencatlg
942 _2ddc
_cBK
_n0
999 _c192
_d192